Click the Country - Southern and Eastern Africa - Statistics

General Stats
  • This quiz has been taken 293 times
  • The average score is 12 of 18
Answer Stats
Hint Answer % Correct
A genocide led to the death of thousands of Tutsi people Rwanda
82%
Has a population over 100 million Ethiopia
80%
Gained independence in 2011 South Sudan
79%
Is home to Africa's highest mountain Tanzania
79%
Was formerly a Portuguese colony Mozambique
74%
Its capital is Moroni Comoros
69%
Its second largest city is Mombasa Kenya
69%
Its official languages are French and Malagasy Madagascar
67%
Borders a large lake that shares its name Malawi
66%
Is less than 30 kilometers from Yemen Djibouti
65%
Was formerly led by Robert Mugabe Zimbabwe
64%
Was formerly home to the dodo bird Mauritius
63%
Has been in a continued state civil war since 1991 Somalia
62%
Was formerly known as Northern Rhodesia Zambia
61%
Is the richest African country per capita Seychelles
58%
Its largest city is Bujumbura Burundi
48%
Its most widely spoken language is Tigrinya Eritrea
48%
Its flag features a grey crowned crane in the center Uganda
38%
No matching quizzes found
Score Distribution
Percent of People with Each Score
Percentile by Number Answered
Your Score History
You have not taken this quiz